000
00324nam a2200145Ia 4500
008
200305s9999 xx 000 0 und d
082
_a
070.4
082
_b
CHA
100
_a
CHOW K K N
245
_a
ANIMATION EMBODIMENT
260
_a
NEW DELHI
_b
PALGRAVE
300
_a
204
650
_a
MASSCOMMUNICATION
999
_c
37176
_d
37176
041
_a
eng